000 00422nam a2200157Ia 4500
005 20260213163558.0
022 _a2971-6888
050 _aHM1126 .B46/
245 0 _aBENUE JOURNAL OF PEACE AND CONFLICT STUDIES (BENJOPECS)
260 _aMakurdi, Nigeria
260 _bSociety for Peace Studies and Practice (SPSP)
260 _c2023
300 _ax, 209 p. :ill. ; 20 cm.
650 _aWeb services.
942 _cSR
_2lcc
999 _c44076
_d44076